000 00786nam a22002777a 4500
001 BR7316098
003 BR-BrBNA
005 20230928084319.0
007 ta
008 230509b bl.||||| |||| 00| 0 por d
040 _aBR-BrBNA
_bpor
_cBiblioteca Nacional de Agricultura
041 _a(Por)
072 _aN10; L00
_b6100
_b4430
090 _ 6100 BR7316098
100 1 _aBraga, J.F.
110 1 _aEscola Superior de Agricultura do Estado de Minas Gerais, Vicosa (Brasil)
_94368
245 1 _aGalinheiros e parques [Localizacao; Tipo; Construcao]
260 3 _aVicosa, MG (Brasil):
_c1941.
300 _a26 p.
500 _a15 illus.; 23 ref.
650 _aGALINHA
650 _aGALINHEIRO
650 _aAVICULTURA
909 _a202309
_bLucia
_c55
_dLucia Elande
942 _cBK
999 _c18105
_d18105